|
|
|
|
| LEADER |
00829nam a2200241 4500 |
| 001 |
DLU170181498 |
| 005 |
##20171026 |
| 040 |
# |
# |
|a DLU
|b vie
|
| 041 |
# |
# |
|a vie
|
| 044 |
# |
# |
|a vn
|
| 100 |
# |
# |
|a Trần Thị Vân Anh.
|
| 245 |
# |
# |
|a Vai trò của đầu tư trực tiếp nước ngoài đối với chuyển dịch cơ cấu công nghiệp Việt Nam /
|c Trần Thị Vân Anh.
|
| 653 |
# |
# |
|a Đầu tư trực tiếp nước ngoài
|
| 653 |
# |
# |
|a Chuyển dịch cơ cấu công nghiệp
|
| 773 |
# |
# |
|t Nghiên cứu kinh tế
|g Số 10(449), 2015, tr. 39-47
|
| 920 |
# |
# |
|a Phòng Tạp chí -- Trung tâm Thông tin - Thư viện Trường Đại học Đà Lạt
|
| 900 |
# |
# |
|a True
|
| 911 |
# |
# |
|a Nguyễn Thị Thu Phương
|
| 925 |
# |
# |
|a G
|
| 926 |
# |
# |
|a A
|
| 927 |
# |
# |
|a BB
|
| 980 |
# |
# |
|a Thư viện Trường Đại học Đà Lạt
|